000 01285nam a2200337 4500
001 179087
003 ES-MaACL
005 20250618124652.0
008 110907s2009 sp |||| |dspa d
020 _a978-84-8359-195-6
080 _a821.134.2-14"19"
100 1 _aGalán, Ilia,
_d1966-
_9234259
245 1 0 _aSonora antología de Sol y edades /
_cIlia Galán ; prólogo de Diego Valverde Villena ; epílogo de Luis Alberto de Cuenca ; música original de Josué Bonnín de Góngora ; voces de Ernesto Gil Sánchez, Ilia Galán.
250 _a1ª ed.
260 _aMadrid :
_bCalambur,
_c2009.
300 _a80 p. ;
_c23 cm +
_e1 CD.
490 1 _aCalambur poesía ;
_v107
500 _aLibreto.
500 _aÍndice.
700 1 _aValverde Villena, Diego.
_9147847
700 1 _aCuenca, Luis Alberto de,
_d1950-
_9240908
700 1 _aBonnín de Góngora, Josué.
_9147848
700 1 _aGil Sánchez, Ernesto.
_9147849
830 0 _aCalambur poesía
_v107
_9182221
852 _aES-MaACL
_jA-11474
_9185956
_bR.145765
_cDEPO1
_dOlim: N-4478
_xDonación: Ilia Galán
852 _aES-MaACL
_jROT 2/6/15
_z(CD)
903 _aGalán, Ilia,
_d1966-
_ednr
_9234259
942 _2udc
_cMONOGRAFIA
999 _c179087
_d179087